Alle UFC Kämpfer deren Nachname mit "A" beginnt - Statistiken

Allgemein
  • Dieses Quiz wurde 16 mal gespielt
  • Das Durchschnittsergebnis liegt bei 8 aus 166
Antwortstatistiken
Antworten % Korrekt
Magomed Ankalaev
57%
Tom Aspinall
50%
Israel Adesanya
43%
Eryk Anders
36%
Andy Anderson
29%
Corey Anderson
29%
Lowell Anderson
29%
Megan Anderson
29%
Alex Andrade
21%
Andrei Arlovski
21%
Arnold Allen
21%
Brendan Allen
21%
Houston Alexander
21%
Jéssica Andrade
21%
José Aldo
21%
Kai Asakura
21%
Lucas Alexander
21%
Viscardi Andrade
21%
Amir Albazi
14%
Ben Askren
14%
Eddie Alvarez
14%
Ibo Aslan
14%
Ikram Aliskerov
14%
Jaime Alvarez
14%
Jermaine Andre
14%
Joel Álvarez
14%
John Albert
14%
Matt Andersen
14%
Sean Alvarez
14%
Abu Azaitar
7%
Asu Almabayev
7%
Carrese Archer
7%
Gilbert Aldana
7%
Hector Aldana
7%
Igor Araujo
7%
Irene Aldana
7%
Jose Augusto
7%
Ottman Azaitar
7%
Reese Andy
7%
Teddy Ash
7%
Viviane Araújo
7%
Yoji Anjo
7%
Abdul-Kareem Al-Selwady
0%
Abdul Razak Alhassan
0%
Adam Antolin
0%
Adlan Amagov
0%
Akbarh Arreola
0%
Alatengheili
0%
Alen Amedovski
0%
Alexandra Albu
0%
Alfonso Alcarez
0%
Ali Al-Qaisi
0%
Alice Ardelean
0%
Amilcar Alves
0%
Amir Aliakbari
0%
Anthony Adams
0%
Antonio Arroyo
0%
Aoriqileng
0%
Arman Ashimov
0%
Ashiek Ajim
0%
Askar Askar
0%
Askar Askarov
0%
Austin Arnett
0%
Bekzat Almakhan
0%
Benny Alloway
0%
Bill Algeo
0%
Bruno Assis
0%
Cesar Almeida
0%
Cesar Arzamendia
0%
Chad Anheliger
0%
Chris Avila
0%
Christian Aguilera
0%
Collin Anglin
0%
Cyril Asker
0%
Daichi Abe
0%
Dan Argueta
0%
Danny Abbadi
0%
Dylan Andrews
0%
Eli Aronov
0%
Ericka Almeida
0%
Estefani Almeida
0%
Fabio Agu
0%
Felipe Arantes
0%
Gadzhimurad Antigulov
0%
Garrett Armfield
0%
Hamdy Abdelwahab
0%
Hashem Arkhagha
0%
Herdem Alacabek
0%
Hunter Azure
0%
Hyder Amil
0%
Ildemar Alcantara
0%
Irina Alekseeva
0%
Iuri Alcantara
0%
Jailton Almeida
0%
Jaqueline Amorim
0%
Jessica Aguilar
0%
Jessin Ayari
0%
Jesus Aguilar
0%
Jim Alers
0%
JJ Aldrich
0%
John Adajar
0%
John Alessio
0%
John Allan
0%
Jose Alday
0%
Josh Appelt
0%
Juan Adams
0%
Juan Andres Luna
0%
Julia Avila
0%
Julio Arce
0%
Julius Anglickas
0%
Junior Albini
0%
Junior Assuncao
0%
Kevin Aguilar
0%
Khusein Askhabov
0%
Klidson Abreu
0%
Leon Aliu
0%
Leonardo Augusto Leleco
0%
Lucas Almeida
0%
Makwan Amirkhani
0%
Mansur Abdul-Malik
0%
Marcello Aguiar
0%
Marcio Alexandre
0%
Marcus Aurelio
0%
Mariya Agapova
0%
Matt Arroyo
0%
Nariman Abbassov
0%
Nick Agallar
0%
Nick Aguirre
0%
Nurullo Aliev
0%
Olaf Alfonso
0%
Olivier Aubin-Mercier
0%
Omari Akhmedov
0%
Papy Abedi
0%
Pat Audinwood
0%
Patricia Alujas
0%
Rafael Alves
0%
Raphael Assunção
0%
Razak Al-Hassan
0%
Rheza Arianto
0%
Ricardo Abreu
0%
Ricardo Almeida
0%
Rich Attonito
0%
Romie Aram
0%
Rostem Akman
0%
Royce Alger
0%
Sam Adkins
0%
Sam Alvey
0%
Sarah Alpar
0%
Scott Adams
0%
Scott Askham
0%
Shamil Abdurakhimov
0%
Shinsho Anzai
0%
Sultan Aliev
0%
Talita Alencar
0%
Tank Abbott
0%
Tatsuya Ando
0%
Thiago Alves
0%
Thomas Almeida
0%
Victor Altamirano
0%
Wang Anying
0%
Warlley Alves
0%
Wes Albritton
0%
Yanal Ashmouz
0%
Yoshihiro Akiyama
0%
Zarrukh Adashev
0%
Zu Anyanwu
0%
Keine übereinstimmenden Quizze gefunden
Verteilung der Resultate
Anzahl Personen mit jedem Resultat
Perzentil nach korrekt beantworteten Fragen
Ihre Resultats-Entwicklung
Sie haben dieses Quiz noch nicht gespielt